Textbook of Microbiology, Infection Control & Safety (Record no. 1742)

MARC details
000 -LEADER
Fixed length control field 00573nam a2200205 4500
003 - CONTROL NUMBER IDENTIFIER
Control field IIN
005 - DATE AND TIME OF LATEST TRANSACTION
Control field 20250409151444.0
008 - FIXED-LENGTH DATA ELEMENTS--GENERAL INFORMATION
Fixed length control field 250409b |||ad||| |||| 001 0 eng d
020 ## - INTERNATIONAL STANDARD BOOK NUMBER / ISBN
International Standard Book Number 9789393885883
Price 895.00
040 ## - CATALOGING SOURCE
Original cataloging agency IIN
082 ## - DEWEY DECIMAL CLASSIFICATION NUMBER
Classification number 580
Book Number ADH
100 ## - MAIN ENTRY--PERSONAL NAME
Personal name Adhikari, Uma Rani
245 ## - TITLE STATEMENT
Title Textbook of Microbiology, Infection Control & Safety
Sub title for BSc. Nursing III Semester
Statement of responsibility Uma Rani Adhikari
260 ## - IMPRINT
Place of publication Bangalore
Name of publisher EMMESS
Date of publication 2024
300 ## - PHYSICAL DESCRIPTION
Page / Vol. No x, 316 p.
Other physical details col. ill.
500 ## - GENERAL NOTE
General note Including Index
650 ## - SUBJECT ADDED ENTRY--TOPICAL TERM
Topical term Microbiology
650 ## - SUBJECT ADDED ENTRY--TOPICAL TERM
Topical term Infection
942 ## - ADDED ENTRY ELEMENTS (KOHA)
Koha item type Books
Holdings
Withdrawn status Lost status Source of classification Damaged status Not for loan Collection code Home library Current library Shelving location Date acquired Price Total Checkouts Call number Accession number Date last seen Price effective from Koha item type
    Dewey Decimal Classification     Purches Book IDEAL INSTITUTE OF NURSING IDEAL INSTITUTE OF NURSING General Stacks 11/03/2025 825.00   580 ADH 1877 09/04/2025 09/04/2025 Books
© Ideal Institute Of Nursing, All rights reserved.         Powered by Koha